Hospital Pharmacy (Record no. 18337)

MARC details
000 -LEADER
fixed length control field 00427nam a22001817a 4500
005 - DATE AND TIME OF LATEST TRANSACTION
control field 20231212145303.0
008 - FIXED-LENGTH DATA ELEMENTS--GENERAL INFORMATION
fixed length control field 230509b |||||||| |||| 00| 0 eng d
082 ## - DEWEY DECIMAL CLASSIFICATION NUMBER
Classification number 615
Item number HAS-H
100 ## - MAIN ENTRY--AUTHOR
Author Name Hassan, William. E
245 ## - TITLE STATEMENT
Title Hospital Pharmacy
250 ## - EDITION STATEMENT
Edition statement 6th ed.
260 ## - PUBLICATION, DISTRIBUTION, ETC.
Place of Publication Pakistan
Name of publisher, distributor, etc. Book Kings
Date of publication, distribution, etc. 2013
300 ## - PHYSICAL DESCRIPTION
Pages 686
500 ## - GENERAL NOTE
General note Index Given
650 ## - SUBJECT ADDED ENTRY--TOPICAL TERM
Subject / Department Pharmacy
700 ## - ADDED ENTRY--PERSONAL NAME
Personal name Hassan; William. E
952 ## - LOCATION AND ITEM INFORMATION (KOHA)
-- 0
-- 0
Holdings
Lost status Damaged status Collection code Permanent Location Current Location Shelving Location Date acquired Full Call Number Accession No./Barcode Date last seen Copy number item type Koha item type
    Pharmacy Superior Information Resource Center (SIRC) Superior University- Central Library Superior Information Resource Center (SIRC) Superior University- Central Library Pharmacy 05/09/2023 615 HAS-H 2013 15888 10/01/2024 4 BOOK BOOK

Powered by Koha